000
00323nam a22001337a 4500
008
181016b xxu||||| |||| 00| 0 eng d
020
_a
9780781738057
041
_a
eng
080
_a
610
100
_a
3
101
_a
SHM
245
_a
Algorithmic Diagnosis Of Symptoms And Signs
_c
Collins .R.D
942
_2
udc
_c
BK
999
_c
49882
_d
49882